Surveyors advising in respect of compulsory purchase and statutory compensation (Record no. 121557)
[ view plain ]
| 000 -LEADER | |
|---|---|
| fixed length control field | 01018nam a22002417a 4500 |
| 008 - FIXED-LENGTH DATA ELEMENTS--GENERAL INFORMATION | |
| fixed length control field | 230623s2022 xxk|||||o|||| 00| 0 eng d |
| 041 ## - LANGUAGE CODE | |
| Language code of text/sound track or separate title | eng |
| 110 ## - MAIN ENTRY--CORPORATE NAME | |
| Corporate author | Royal Institution of Chartered Surveyors |
| 245 ## - TITLE STATEMENT | |
| Title | Surveyors advising in respect of compulsory purchase and statutory compensation |
| Subtitle | a consultation on a draft 2nd edition |
| Medium | [Electronic resource] |
| 260 ## - PUBLICATION INFORMATION | |
| Place of publication | London, |
| Publisher | Royal Institution of Chartered Surveyors, |
| Date | November 2022 |
| 300 ## - PHYSICAL DESCRIPTION | |
| Physical description | 48p. |
| 490 ## - SERIES TITLE | |
| Series statement | RICS Consultation |
| 490 ## - SERIES TITLE | |
| Series statement | RICS Professional Standard |
| 520 ## - ABSTRACT | |
| Abstract | Consultation opened 14th November 2022, closed 31st January 2023<br/> |
| 650 ## - KEYWORDS | |
| Keywords | COMPULSORY PURCHASE |
| 650 ## - KEYWORDS | |
| Keywords | PLANNING |
| 651 ## - SUBJECT ADDED ENTRY--GEOGRAPHIC NAME | |
| Geographic name | United Kingdom |
| 690 ## - BROAD SUBJECT | |
| 9 (RLIN) | 6228 |
| Broad subject | Compulsory purchase |
| 700 ## - ADDED PERSONAL NAME | |
| Added personal author | Asbury, Paul |
| 710 ## - ADDED CORPORATE NAME | |
| Added corporate author | Royal Institution of Chartered Surveyors |
| 856 ## - ONLINE RESOURCE | |
| Uniform Resource Identifier | <a href="https://www.rics.org/profession-standards/knowledge-and-information-services/document-delivery-and-other-kis-fees">https://www.rics.org/profession-standards/knowledge-and-information-services/document-delivery-and-other-kis-fees</a> |
| Public note | Archived please email [email protected] |
| 942 ## - ADDED ENTRY ELEMENTS (KOHA) | |
| Suppress in OPAC | Do not suppress in OPAC |
| Lost status | Damaged status | Not for loan | Current library | Shelving location | Date acquired | Total Checkouts | Full call number | Date last seen | Price effective from | Koha item type |
|---|---|---|---|---|---|---|---|---|---|---|
| Virtual | Online | 23/06/2023 | SCAN | 23/06/2023 | 23/06/2023 | Online material |